Culture Générale - Série 1922 - Statistiques

Statistiques générales
  • Ce quiz a été pris 92 fois
  • Le résultat moyen est 5 sur 10
Statistiques - réponses
Question Réponse % Correct
Quelle est la capitale de la Lettonie ? Riga
91%
Dans la bande dessinée Astérix, comment s'appelle la jeune fille à la longue chevelure blonde ? voir photo Falbala
86%
Dans quelle discipline sportive s'est illustré Franz Beckenbauer ? football
84%
Aux Antilles, quel crustacé est utilisé pour la recette culinaire du matété ? crabe
60%
Dans quel département français se trouve la ville d'Honfleur ? Calvados
58%
Dans quelle communauté autonome d'Espagne se trouve la ville de Lérida ? Catalogne
45%
Dans quel pays se trouve la région du "Kerala" ? Inde
40%
Dans quelle ville de Bretagne peut-on visiter le musée de la Compagnie des Indes ? Lorient
39%
Quel nom donne-t-on au contremaître dans les mines de charbon ? porion
19%
Dans la mythologie grecque, comment s'appelle la soeur d'Antigone ? Ismène
9%
Aucun quiz correspondant
Distribution des résultats
% des personnes avec chaque résultat
Percentile par nombre de réponses
Votre historique - résultats
Vous n’avez pas pris ce quiz